[Event "AUTO-OPEN-282"]
[Site "http://www.queenalice.com/game.php?id=73058"]
[Date "2006.5.30"]
[Round "1"]
[White "rojen12"]
[Black "Mateusfreitas"]
[Result "0-1"]
[WhiteElo "1472"]
[BlackElo "1114"]

1. d4 d5 2. e3 Bf5 3. Nc3 Nf6 4. f4 e6 5. a3 c6 6. b4 Bg4 7. Be2 Bf5 8. Nf3 g6
9. Na4 b5 10. Nc3 Na6 11. a4 bxa4 12. Rxa4 Nxb4 13. O-O Qc7 14. Qd2 Rb8 15. Ba3
Nxc2 16. Bxf8 Kxf8 17. Qxc2 Bxc2 18. Ra6 Rb6 19. Rc1 Be4 20. Ne5 Rxa6 21. Bxa6
Qb6 22. Ra1 Qb2 23. Ra2 Qxc3 24. Re2 Qa1+ 25. Kf2 Qxa6 26. Kg3 Qxe2 27. h3 Qxe3+
28. Kh2 a5 29. Nxc6 Kg7 30. Nxa5 Ra8 31. Nc6 Ra1 0-1

[Event "AUTO-OPEN-282"]
[Site "http://www.queenalice.com/game.php?id=73059"]
[Date "2006.5.30"]
[Round "1"]
[White "Mateusfreitas"]
[Black "rojen12"]
[Result "0-1"]
[WhiteElo "1074"]
[BlackElo "1467"]

1. e4 e5 2. Bc4 g6 3. Qf3 f6 4. Qb3 Nh6 5. d3 c6 6. Nf3 b5 7. Bxb5 cxb5 8. Nc3
a6 9. g4 Nxg4 10. h3 Nh6 11. Qd5 Ra7 12. b3 Bb7 13. Qxb7 Rxb7 14. Nd5 Nc6 15.
Rg1 Nd4 16. Kd1 Nxf3 17. Rg3 Nh4 18. Ba3 Bxa3 19. b4 Bb2 20. Rb1 Bd4 21. c3 Bxf2
22. Re3 Bxe3 23. Nxe3 Rc7 24. Nd5 Rc6 25. c4 bxc4 26. dxc4 Rxc4 27. Ne3 Rxe4 28.
Nd5 Rd4+ 0-1

[Event "AUTO-OPEN-282"]
[Site "http://www.queenalice.com/game.php?id=73082"]
[Date "2006.5.30"]
[Round "1"]
[White "jacksliver"]
[Black "Mateusfreitas"]
[Result "0-1"]
[WhiteElo "1304"]
[BlackElo "984"]

1. e4 d6 2. Bc4 Nf6 3. d3 b5 4. Bxb5+ c6 5. Ba4 Qa5+ 6. Nc3 Bg4 7. Nf3 g6 8. Bd2
Nbd7 9. b3 Nc5 10. Nd5 Qa6 11. Nc7+ Kd8 12. Nxa6 e6 13. Bxc6 Rc8 14. Nb4 a5 0-1

[Event "AUTO-OPEN-282"]
[Site "http://www.queenalice.com/game.php?id=73083"]
[Date "2006.5.30"]
[Round "1"]
[White "Mateusfreitas"]
[Black "jacksliver"]
[Result "1-0"]
[WhiteElo "1040"]
[BlackElo "1274"]

1. e4 e5 2. Qf3 Nf6 3. Nc3 Bc5 4. Qg3 O-O 5. d3 d6 6. Bh6 Ng4 7. Bd2 Bxf2+ 8.
Ke2 Bxg3 9. hxg3 Qf6 10. Nd5 Qf2+ 11. Kd1 Qxf1+ 12. Be1 Nf2+ 13. Kd2 Nxh1 14.
Ne3 1-0

[Event "AUTO-OPEN-282"]
[Site "http://www.queenalice.com/game.php?id=73096"]
[Date "2006.5.30"]
[Round "1"]
[White "joaoreis001"]
[Black "Mateusfreitas"]
[Result "1-0"]
[WhiteElo "1562"]
[BlackElo "1036"]

1. Nf3 e6 2. g3 Nc6 3. Bg2 d5 4. O-O f5 5. d4 b6 6. Ne5 Nb4 7. c3 Na6 8. h4 Nf6
9. Nc6 Qd6 10. Ne5 c5 11. Bf4 cxd4 12. Nf7 Qd7 13. Nxh8 g6 14. Qxd4 Bg7 15. Be5
Bxh8 16. Bxf6 Bxf6 17. Qxf6 Qb5 18. Qh8+ 1-0

[Event "AUTO-OPEN-282"]
[Site "http://www.queenalice.com/game.php?id=73097"]
[Date "2006.5.30"]
[Round "1"]
[White "Mateusfreitas"]
[Black "joaoreis001"]
[Result "0-1"]
[WhiteElo "1032"]
[BlackElo "1566"]

1. e4 e5 2. Bc4 Nc6 3. Qf3 Nf6 4. d4 Nxd4 5. Kd1 Nxf3 6. gxf3 Bc5 7. Nc3 O-O 8.
Na4 Bxf2 9. Nh3 d5 10. exd5 Bxh3 11. Ke2 Bh4 12. Nc5 b6 13. Nb7 Qc8 14. Ba6 Qd7
15. Bd2 Qxd5 16. c4 Qd7 17. Bb5 c6 18. Ba4 Qxb7 0-1

[Event "AUTO-INT-99"]
[Site "http://www.queenalice.com/game.php?id=73297"]
[Date "2006.5.31"]
[Round "1"]
[White "aesnihc"]
[Black "Mateusfreitas"]
[Result "1-0"]
[WhiteElo "1513"]
[BlackElo "1114"]

1. e4 e5 2. Nf3 c6 3. Nxe5 d6 4. Nf3 Nh6 5. d4 g5 6. Bxg5 f6 7. Bh4 Na6 8. Bxa6
bxa6 9. c3 Be7 10. O-O Rg8 11. Bg3 d5 12. Nbd2 a5 13. Re1 Ba6 14. Qc2 Rb8 15.
Bxb8 Qxb8 16. exd5 cxd5 17. Qxh7 Qf4 18. Qxe7# 1-0

[Event "AUTO-INT-99"]
[Site "http://www.queenalice.com/game.php?id=73298"]
[Date "2006.5.31"]
[Round "1"]
[White "Mateusfreitas"]
[Black "aesnihc"]
[Result "0-1"]
[WhiteElo "1112"]
[BlackElo "1719"]

1. e4 c5 2. Bc4 Nc6 3. Qf3 e6 4. Nh3 Ne5 5. Qc3 d6 6. f4 Nxc4 7. Qxc4 Nf6 8. d3
Be7 9. Nc3 O-O 10. e5 d5 11. Qa4 a6 12. O-O b5 13. Nxb5 Bd7 14. c4 axb5 15. Qd1
bxc4 16. dxc4 Ne4 17. cxd5 exd5 18. Bd2 Bxh3 19. gxh3 c4 20. b3 cxb3 21. axb3
Rxa1 22. Qxa1 Nxd2 23. Rf2 Bc5 24. Qc1 Bxf2+ 25. Kxf2 Nxb3 26. Qc2 Qb6+ 27. Ke2
Nd4+ 28. Kd2 Nxc2 0-1

[Event "AUTO-INT-99"]
[Site "http://www.queenalice.com/game.php?id=73313"]
[Date "2006.5.31"]
[Round "1"]
[White "Mateusfreitas"]
[Black "compras_marcelo"]
[Result "0-1"]
[WhiteElo "1065"]
[BlackElo "1220"]

1. e4 Nf6 2. Nc3 c5 3. Nf3 Na6 4. d4 g6 5. g4 Nxg4 6. h3 Nh6 7. dxc5 Nxc5 8. b4
Qc7 9. Nd5 Qd6 10. bxc5 Qxc5 0-1

[Event "AUTO-INT-99"]
[Site "http://www.queenalice.com/game.php?id=73314"]
[Date "2006.5.31"]
[Round "1"]
[White "compras_marcelo"]
[Black "Mateusfreitas"]
[Result "1-0"]
[WhiteElo "1209"]
[BlackElo "1076"]

1. Nc3 d6 2. Nd5 e6 3. Ne3 Nc6 4. g4 d5 5. c4 dxc4 6. Nxc4 Qf6 7. Nf3 Nh6 8.
Nce5 Nxe5 9. Qa4+ b5 10. Qa5 Nhxg4 11. Qxb5+ 1-0

[Event "AUTO-INT-99"]
[Site "http://www.queenalice.com/game.php?id=73316"]
[Date "2006.5.31"]
[Round "1"]
[White "mosca"]
[Black "Mateusfreitas"]
[Result "1-0"]
[WhiteElo "1291"]
[BlackElo "1110"]

1. d4 d5 2. Nc3 Nf6 3. Bf4 g5 4. Bxg5 h6 5. Bf4 Nc6 6. e4 dxe4 7. d5 Nb4 8. a3
Na6 9. Be5 b5 10. Nxb5 Bg4 11. f3 Bh5 12. g4 Bg6 13. fxe4 Rb8 14. Nxa7 Rb6 15.
c4 Bxe4 16. g5 Bxh1 17. Bd4 Rd6 18. Qa4+ Nd7 19. c5 Nxc5 20. Bxc5 Rxd5 21. Be3
hxg5 22. Rd1 Rd6 23. h3 f5 24. Rd2 Bc6 25. Nxc6 Qc8 26. Bxg5 Nc5 27. Qb5 Qe6+
28. Be2 Rxc6 29. Qb8+ Kf7 30. Nf3 1-0

[Event "AUTO-OPEN-293"]
[Site "http://www.queenalice.com/game.php?id=76202"]
[Date "2006.6.13"]
[Round "1"]
[White "Mateusfreitas"]
[Black "Mayaune"]
[Result "0-1"]
[WhiteElo "1078"]
[BlackElo "1617"]

1. e4 e5 2. Qf3 Nf6 3. Nc3 c6 4. Nh3 Bc5 5. Na4 Bd6 6. Qg3 O-O 7. d3 g6 8. Bh6
Nh5 9. Qe3 Qa5+ 10. Nc3 Re8 11. g4 Bc5 12. Qg5 Be7 13. Qe3 Ng7 14. a3 Ne6 0-1

[Event "AUTO-INT-102"]
[Site "http://www.queenalice.com/game.php?id=76427"]
[Date "2006.6.14"]
[Round "1"]
[White "Mateusfreitas"]
[Black "hugo10"]
[Result "0-1"]
[WhiteElo "1089"]
[BlackElo "1224"]

1. e4 Nf6 2. Nc3 e5 3. Nf3 Bb4 4. Nxe5 Qe7 5. d4 c5 6. Nf3 cxd4 7. Nxd4 Nxe4 8.
f3 Nxc3+ 9. Kd2 Nxd1+ 10. Kxd1 Qh4 11. g3 Qxd4+ 12. Ke2 b6 13. c3 Bxc3 14. bxc3
Qxc3 15. Rb1 Qc2+ 0-1

[Event "AUTO-INT-102"]
[Site "http://www.queenalice.com/game.php?id=76428"]
[Date "2006.6.14"]
[Round "1"]
[White "hugo10"]
[Black "Mateusfreitas"]
[Result "1-0"]
[WhiteElo "1212"]
[BlackElo "1101"]

1. e4 e5 2. Nf3 Nc6 3. Bb5 Nf6 4. c3 Nxe4 5. d3 Nd6 6. d4 exd4 7. cxd4 Qe7+ 8.
Be2 b6 9. d5 Nb4 10. a3 Nxd5 11. Qxd5 c6 12. Qd4 c5 13. Qd5 Bb7 14. Qd3 Be4 15.
Qa6 Bb7 16. Qd3 Be4 17. Qd2 g6 18. b3 1-0